<?xml version="1.0" encoding="UTF-8"?>
<record
    xmlns:xsi="http://www.w3.org/2001/XMLSchema-instance"
    xsi:schemaLocation="http://www.loc.gov/MARC21/slim http://www.loc.gov/standards/marcxml/schema/MARC21slim.xsd"
    xmlns="http://www.loc.gov/MARC21/slim">

  <leader>01304nam a22002537a 4500</leader>
  <controlfield tag="008">140117t        mx||||| |||| 00| 0 spa d</controlfield>
  <datafield tag="050" ind1="0" ind2="4">
    <subfield code="a">JV6011.F667 </subfield>
    <subfield code="b">N84 2006</subfield>
  </datafield>
  <datafield tag="111" ind1="2" ind2=" ">
    <subfield code="a">Foro Internacional de las Migraciones  </subfield>
    <subfield code="c">Tuxtla Gutie&#xED;rrez, M&#xE9;xico)</subfield>
    <subfield code="d">(2006 :  </subfield>
  </datafield>
  <datafield tag="245" ind1="0" ind2="4">
    <subfield code="a">Los nuevos rostros de la migraci&#xF3;n en el mundo :  </subfield>
    <subfield code="b">compilaci&#xF3;n de trabajos presentados en el Foro Internacional de las Migraciones, Tuxtla Guti&#xE9;rrez, Chiapas, 2006 / </subfield>
    <subfield code="c">[Carlos Miranda Videgaray, Ernesto Rodr&#xED;guez Ch&#xE1;vez, Juan Artola, coord.].</subfield>
  </datafield>
  <datafield tag="250" ind1=" " ind2=" ">
    <subfield code="a">1a. ed.</subfield>
  </datafield>
  <datafield tag="260" ind1=" " ind2=" ">
    <subfield code="a">Tuxtla Guti&#xE9;rrez : </subfield>
    <subfield code="b">Gobierno de Chiapas ; </subfield>
    <subfield code="c">2006</subfield>
  </datafield>
  <datafield tag="260" ind1=" " ind2=" ">
    <subfield code="a">Organizaci&#xF3;n Internacional para las Migraciones : </subfield>
    <subfield code="b">Secretar&#xED;a de Gobernaci&#xF3;n, Instituto Nacional de Migraci&#xF3;n,</subfield>
  </datafield>
  <datafield tag="300" ind1=" " ind2=" ">
    <subfield code="a">485 p. : </subfield>
    <subfield code="b">il. ; </subfield>
    <subfield code="c">21 cm.</subfield>
  </datafield>
  <datafield tag="504" ind1=" " ind2=" ">
    <subfield code="a">Incluye bibliograf&#xED;a e &#xED;ndice</subfield>
  </datafield>
  <datafield tag="650" ind1=" " ind2="4">
    <subfield code="a">Migraci&#xF3;n y emigraci&#xF3;n</subfield>
    <subfield code="v">Congresos</subfield>
  </datafield>
  <datafield tag="651" ind1=" " ind2=" ">
    <subfield code="a">Mexico </subfield>
    <subfield code="v">Congresos</subfield>
    <subfield code="x">Migraci&#xF3;n y emigraci&#xF3;n</subfield>
  </datafield>
  <datafield tag="700" ind1="1" ind2=" ">
    <subfield code="a">Miranda Videgaray, Carlos,</subfield>
    <subfield code="e">coord.</subfield>
  </datafield>
  <datafield tag="700" ind1="1" ind2=" ">
    <subfield code="a">Rodr&#xED;guez Ch&#xE1;vez, Ernesto,</subfield>
    <subfield code="e">coord.</subfield>
  </datafield>
  <datafield tag="700" ind1="1" ind2=" ">
    <subfield code="a">Artola, Juan,</subfield>
    <subfield code="e">coord.</subfield>
  </datafield>
  <datafield tag="710" ind1="2" ind2=" ">
    <subfield code="a">Organizacion Internacional para las migraciones</subfield>
  </datafield>
  <datafield tag="710" ind1="1" ind2=" ">
    <subfield code="a">Chiapas (M&#xE9;xico). </subfield>
    <subfield code="b">Coordinaci&#xF3;n de Relaciones Internacionales.</subfield>
  </datafield>
  <datafield tag="710" ind1="1" ind2=" ">
    <subfield code="a">Centro de Estudios Migratorios (M&#xE9;xico)</subfield>
  </datafield>
  <datafield tag="942" ind1=" " ind2=" ">
    <subfield code="2">lcc</subfield>
    <subfield code="c">LIB</subfield>
  </datafield>
  <datafield tag="999" ind1=" " ind2=" ">
    <subfield code="c">47588</subfield>
    <subfield code="d">47588</subfield>
  </datafield>
  <datafield tag="952" ind1=" " ind2=" ">
    <subfield code="1">0</subfield>
    <subfield code="2">lcc</subfield>
    <subfield code="4">0</subfield>
    <subfield code="7">0</subfield>
    <subfield code="a">LIC-047</subfield>
    <subfield code="b">LIC-047</subfield>
    <subfield code="c">GENERAL</subfield>
    <subfield code="d">2014-01-17</subfield>
    <subfield code="h">BFP000005245</subfield>
    <subfield code="i">Ciencias de la salud</subfield>
    <subfield code="k">Ciencias de la salud</subfield>
    <subfield code="o">JV6011.F667 N84 2006 </subfield>
    <subfield code="p">BFP000005245</subfield>
    <subfield code="r">2014-01-17 00:00:00</subfield>
    <subfield code="t">1</subfield>
    <subfield code="y">LIB</subfield>
  </datafield>
</record>
